[Event "Oberliga Nord W 1819"]
[Site "Germany"]
[Date "2019.02.24"]
[Round "7.5"]
[White "Zumsande, Martin"]
[Black "Szalanczy, Emil"]
[Result "1-0"]
[WhiteElo "2492"]
[BlackElo "2180"]
[PlyCount "127"]
[EventDate "2018.10.21"]
[EventType "team-tourn"]
[EventRounds "9"]
[EventCountry "GER"]
[SourceTitle "EXT 2020"]
[Source "ChessBase"]
[SourceDate "2019.10.17"]
[SourceVersion "1"]
[SourceVersionDate "2019.10.17"]
[SourceQuality "1"]
[WhiteTeam "Werder Bremen II"]
[BlackTeam "Tostedt"]
[WhiteTeamCountry "GER"]
[BlackTeamCountry "GER"]

1. e4 c5 2. c3 d6 3. d4 Nf6 4. Bd3 g6 5. Nf3 Bg7 6. dxc5 d5 7. e5 Nfd7 8. Bb5 0-0 9. Qxd5 Nxe5 10. Qxd8 Nxf3+ 11. gxf3 Rxd8 12. Be3 Nc6 13. Nd2 Ne5 14. 0-0-0 Bf5 15. f4 Nd3+ 16. Bxd3 Rxd3 17. Nb3 e5 18. fxe5 Bxe5 19. Rxd3 Bxd3 20. Rd1 Be4 21. h4 h5 22. Bg5 f6 23. Be3 Re8 24. Nd4 a6 25. f4 Bc7 26. Kd2 Kf7 27. b3 Bd8 28. Re1 Be7 29. b4 Rd8 30. a3 Re8 31. Bf2 Bd8 32. Bg3 Bc7 33. Re3 Re7 34. Ke2 Re8 35. Kd2 Re7 36. a4 Re8 37. f5 Bxg3 38. fxg6+ Kxg6 39. Rxg3+ Kf7 40. c4 Rc8 41. Ke3 Bg6 42. Kf4 Rd8 43. Nf5 Bxf5 44. Kxf5 Rd1 45. Ke4 Rh1 46. b5 Rxh4+ 47. Kd5 axb5 48. axb5 Rg4 49. Re3 h4 50. c6 bxc6+ 51. bxc6 Rg3 52. c7 Rxe3 53. c8Q h3 54. Qd7+ Kg6 55. Qg4+ Kf7 56. Qh5+ Kg7 57. Kd6 Rd3+ 58. Kc6 Re3 59. c5 Re6+ 60. Kb5 Re3 61. Qh4 Kg6 62. Kb6 Rb3+ 63. Kc7 Rb5 64. Qg4+ 1-0

[Event "Aarhus Chess House GM"]
[Site "Aarhus"]
[Date "2019.02.13"]
[Round "5"]
[White "Zumsande, Martin"]
[Black "Bach, Matthias"]
[Result "0-1"]
[WhiteElo "2492"]
[BlackElo "2307"]
[PlyCount "90"]
[EventDate "2019.02.09"]
[EventType "tourn"]
[EventRounds "9"]
[EventCountry "DEN"]
[EventCategory "8"]
[SourceTitle "CBM 188 Extra"]
[Source "ChessBase"]
[SourceDate "2019.02.26"]
[SourceVersion "1"]
[SourceVersionDate "2019.02.26"]
[SourceQuality "1"]

1. e4 d6 2. d4 Nf6 3. Nc3 g6 4. f4 Bg7 5. Nf3 c5 6. Bb5+ Bd7 7. e5 Ng4 8. Bxd7+ Qxd7 9. d5 dxe5 10. h3 e4 11. hxg4 exf3 12. Qxf3 Na6 13. Bd2 0-0-0 14. 0-0-0 Nc7 15. Be1 f5 16. gxf5 Qxf5 17. g4 Qf7 18. Bg3 h5 19. f5 hxg4 20. Qf4 Na6 21. Nb5 Rxd5 22. Rxh8+ Bxh8 23. Rxd5 Qxd5 24. fxg6 Qh1+ 25. Kd2 Qd5+ 26. Ke2 Qe6+ 27. Kf2 Qxg6 28. Qf8+ Kd7 29. Qxh8 Qxc2+ 30. Ke3 Qc1+ 31. Ke4 Qc4+ 32. Kf5 Qxb5 33. Kxg4 Qa4+ 34. Kh3 Qxa2 35. Kh2 Qd5 36. Qh3+ Kc6 37. Qh6+ e6 38. Qh8 Kb6 39. Qc3 Nb4 40. Be1 Qh5+ 41. Kg1 Qg6+ 42. Bg3 Qb1+ 43. Be1 Nd3 44. Qa5+ Kc6 45. Qa4+ Kd6 0-1

[Event "Rilton Cup 48th"]
[Site "Stockholm"]
[Date "2019.01.02"]
[Round "6"]
[White "Schmidek, Emil"]
[Black "Zumsande, Martin"]
[Result "0-1"]
[WhiteElo "2382"]
[BlackElo "2490"]
[PlyCount "112"]
[EventDate "2018.12.27"]
[EventType "swiss"]
[EventRounds "9"]
[EventCountry "SWE"]
[SourceTitle "CBM 188 Extra"]
[Source "ChessBase"]
[SourceDate "2019.02.26"]
[SourceVersion "1"]
[SourceVersionDate "2019.02.26"]
[SourceQuality "1"]

1. e4 e6 2. d4 d5 3. Nc3 Nf6 4. e5 Nfd7 5. f4 c5 6. Nf3 Nc6 7. Be3 cxd4 8. Nxd4 Qb6 9. Qd2 Qxb2 10. Rb1 Qa3 11. Bb5 Nxd4 12. Bxd4 a6 13. Bxd7+ Bxd7 14. Rb3 Qe7 15. Rxb7 Rc8 16. 0-0 Qa3 17. Rb3 Qa5 18. Qf2 Bc5 19. f5 0-0 20. Ne2 exf5 21. Rg3 g6 22. Qe3 Rfe8 23. c3 Qc7 24. Rf2 Re7 25. Qh6 Bb5 26. Rh3 f6 27. Bxc5 Qxc5 28. exf6 Rf7 29. Nd4 Re8 30. Qd2 Rxf6 31. Re3 Re4 32. Rxe4 dxe4 33. g4 Qe5 34. Qg5 Bd7 35. gxf5 Bxf5 36. Nxf5 Rxf5 37. Qd8+ Kg7 38. Qd7+ Kh6 39. Rxf5 gxf5 40. Qc6+ Kg5 41. Qxa6 Qxc3 42. a4 Qe3+ 43. Kf1 Qf3+ 44. Kg1 Qg4+ 45. Kf2 f4 46. Qe2 e3+ 47. Kf1 Qc8 48. a5 Qc1+ 49. Kg2 Qd2 50. h4+ Kxh4 51. Kf3 Qxe2+ 52. Kxe2 Kg3 53. a6 f3+ 54. Kxe3 f2 55. a7 f1Q 56. a8Q Qf2+ 0-1

[Event "Rilton Cup 48th"]
[Site "Stockholm"]
[Date "2018.12.31"]
[Round "5"]
[White "Zumsande, Martin"]
[Black "Pranav, Anand"]
[Result "0-1"]
[WhiteElo "2490"]
[BlackElo "2274"]
[PlyCount "68"]
[EventDate "2018.12.27"]
[EventType "swiss"]
[EventRounds "9"]
[EventCountry "SWE"]
[SourceTitle "CBM 188 Extra"]
[Source "ChessBase"]
[SourceDate "2019.02.26"]
[SourceVersion "1"]
[SourceVersionDate "2019.02.26"]
[SourceQuality "1"]

1. e4 e5 2. Nf3 Nc6 3. Bc4 Bc5 4. d3 Nf6 5. 0-0 0-0 6. a4 d6 7. c3 a6 8. Bg5 h6 9. Bh4 g5 10. Bg3 Ba7 11. Na3 Ne7 12. Re1 Ng6 13. d4 Qe7 14. Nc2 c6 15. Ba2 Qc7 16. Ne3 Re8 17. dxe5 dxe5 18. Nd4 Nf4 19. Ndf5 Rd8 20. Qf3 Bxf5 21. Nxf5 Rd3 22. Re3 Bxe3 23. fxe3 Qb6 24. Qf1 Rad8 25. Nxh6+ Kg7 26. Nxf7 Nxe4 27. Bxf4 exf4 28. Nxd8 Qxe3+ 29. Kh1 Rxd8 30. Be6 Nf2+ 31. Kg1 Ng4+ 32. Kh1 Qxe6 33. Re1 Qxe1 34. Qxe1 Rd1 0-1

[Event "Rilton Cup 48th"]
[Site "Stockholm"]
[Date "2018.12.27"]
[Round "1"]
[White "Zumsande, Martin"]
[Black "Jimenez Martinez, Jose Vicente"]
[Result "1-0"]
[WhiteElo "2490"]
[BlackElo "2253"]
[PlyCount "69"]
[EventDate "2018.12.27"]
[EventType "swiss"]
[EventRounds "9"]
[EventCountry "SWE"]
[SourceTitle "CBM 188 Extra"]
[Source "ChessBase"]
[SourceDate "2019.02.26"]
[SourceVersion "1"]
[SourceVersionDate "2019.02.26"]
[SourceQuality "1"]

1. e4 g6 2. d4 Bg7 3. Nc3 d6 4. f4 Nf6 5. Nf3 0-0 6. e5 Nfd7 7. Bc4 dxe5 8. dxe5 Nb6 9. Qxd8 Rxd8 10. Bb3 a5 11. Be3 e6 12. Kf2 Bd7 13. Rad1 Na6 14. a3 Bf8 15. Ne4 Bb5 16. g4 a4 17. Ba2 Bc4 18. Bxb6 Bxa2 19. Bd4 b5 20. h4 c5 21. Be3 Be7 22. h5 Rxd1 23. Rxd1 Bd5 24. Nf6+ Bxf6 25. exf6 b4 26. Ne5 c4 27. f5 g5 28. h6 c3 29. bxc3 bxa3 30. c4 Be4 31. fxe6 fxe6 32. f7+ Kf8 33. Bc1 Ke7 34. Bxg5+ Kf8 35. Rd7 1-0

[Event "Douglas IoM op"]
[Site "Douglas"]
[Date "2018.10.25"]
[Round "6"]
[White "Erenberg, Ariel"]
[Black "Zumsande, Martin"]
[Result "1/2-1/2"]
[WhiteElo "2407"]
[BlackElo "2492"]
[PlyCount "61"]
[EventDate "2018.10.20"]
[EventType "swiss"]
[EventRounds "9"]
[EventCountry "ENG"]
[SourceTitle "CBM 187"]
[Source "ChessBase"]
[SourceDate "2018.12.11"]
[SourceVersion "1"]
[SourceVersionDate "2018.12.11"]
[SourceQuality "1"]

1. d4 d5 2. c4 e6 3. Nc3 Be7 4. cxd5 exd5 5. Bf4 c6 6. e3 Bf5 7. g4 Be6 8. Qb3 Qb6 9. f3 Nd7 10. h4 Qxb3 11. axb3 h5 12. g5 Bb4 13. Kf2 Ne7 14. Na2 Ba5 15. b4 Bd8 16. Ne2 Ng6 17. Bd6 Nb6 18. Nf4 Nxf4 19. Bxf4 Be7 20. b5 c5 21. dxc5 Bxc5 22. Be5 0-0 23. Bd3 Nc4 24. Bxc4 dxc4 25. Bd4 Be7 26. Nc3 a6 27. b6 Rac8 28. Rhd1 Rfd8 29. Be5 Rc6 30. Bc7 Re8 31. Ne4 1/2-1/2

[Event "Douglas IoM op"]
[Site "Douglas"]
[Date "2018.10.20"]
[Round "1"]
[White "Zumsande, Martin"]
[Black "Byron, Alan M"]
[Result "1-0"]
[WhiteElo "2492"]
[BlackElo "2136"]
[PlyCount "137"]
[EventDate "2018.10.20"]
[EventType "swiss"]
[EventRounds "9"]
[EventCountry "ENG"]
[SourceTitle "CBM 187"]
[Source "ChessBase"]
[SourceDate "2018.12.11"]
[SourceVersion "1"]
[SourceVersionDate "2018.12.11"]
[SourceQuality "1"]

1. e4 c5 2. c3 d6 3. d4 Nf6 4. Bd3 cxd4 5. cxd4 g6 6. h3 Bg7 7. Nf3 0-0 8. Nc3 Nc6 9. 0-0 e5 10. dxe5 dxe5 11. Bc4 Be6 12. Bxe6 fxe6 13. Be3 Qe7 14. Qb3 Nh5 15. Ne2 Nf4 16. Nxf4 exf4 17. Bd2 Rad8 18. Rad1 Rd7 19. Bc3 Rfd8 20. Rxd7 Rxd7 21. Rc1 h6 22. Qc4 Kh7 23. a3 Bxc3 24. Rxc3 Qd6 25. Kh2 g5 26. b4 e5 27. Qc5 a6 28. b5 axb5 29. Qxb5 Rg7 30. Qd5 Rd7 31. Qb5 Rg7 32. Rd3 Qe7 33. Qd5 g4 34. hxg4 Rxg4 35. Qd7 Qxd7 36. Rxd7+ Rg7 37. Rd5 Re7 38. Kh3 Kg8 39. Nh4 Kh7 40. Nf5 Rc7 41. Rd6 Na5 42. Rxh6+ Kg8 43. Re6 Rc3+ 44. f3 Nc6 45. Re8+ Kf7 46. Ra8 Ke6 47. Kg4 Rc2 48. g3 fxg3 49. Kxg3 Rc3 50. Rh8 Na5 51. Rh6+ Kd7 52. Rd6+ Kc7 53. Rd5 Nc6 54. Nd6 Nd4 55. Nb5+ Nxb5 56. Rxb5 Rxa3 57. Rxe5 Kc6 58. Re8 b5 59. Rb8 Kc5 60. Kg4 b4 61. e5 Kc4 62. f4 Re3 63. Kf5 b3 64. e6 Kd5 65. Rd8+ Kc4 66. Kf6 b2 67. Rd1 Rb3 68. e7 Rb8 69. Kf7 1-0